000 00705nam a2200205Ia 4500
005 20260121110255.0
008 008 260114s9999 xx 000 0 hin d
020 _a9788132352402
037 _aEBOOK
040 _aCRL
_bhin
_cCRL
041 _ahin
_2hin
084 _qCRL
100 _aदामिनी सिंह / Damini Singh
_9944175
245 0 _aव्यक्ति प्रति अपराध एवं दण्ड विधान / Vyakti Prati Aparadh aur Dand Vidhan
260 _bभाषा प्रकाशन / Bhasha Prakashan
_c2020
856 _uhttps://bhashaprakashan.com/product-details/378580
942 _cEBOOK
999 _c1535839
_d1535839